000 00504nam a2200169 a 4500
001 0000-8718
003 ELIB.Books
008 110520 1980
035 _a(ELIB.Books)0000-8864
082 _aR
_bKit/ Pit
100 _aKittel, Gerhard/ Pitkin, Ronald E.
245 _aTheological Dictionary of the New Testament (vol-X)
260 _bGrand Rapids: Wm. B. Eerdmans Publishing Co.
_c1980
650 _aReference
942 _2ddc
_cBK
998 _cbat
_e2011-05-20
_mcat
_u2020-05-23
999 _c8718
_d8718